What motivates cultural progressives? : understanding opposition to the political and Christian right /

Bibliographic Details
Main Author: Yancey, George A., 1962-
Corporate Author: ebrary, Inc
Other Authors: Williamson, David, 1955-
Format: eBook
Language:English
Published: Waco, Tex. : Baylor University Press, 2012.
Subjects:
Online Access:Connect to the full text of this electronic book

MARC

Tag First Indicator Second Indicator Subfields
LEADER 00000cam a2200000 a 4500
001 in00002781077
006 m d
007 cr cn|||||||||
008 120202s2012 txua ob 001 0 eng d
005 20250816204022.1
020 |z 9781602584631 (hardcover alk. paper) 
020 |z 9781602584655 (e-book) 
035 |a (CaPaEBR)ebr10582978 
040 |a CaPaEBR  |c CaPaEBR  |d UtOrBLW 
043 |a n-us--- 
050 1 4 |a JK1726  |b .Y36 2012eb 
082 0 4 |a 320.51/30973  |2 23 
100 1 |a Yancey, George A.,  |d 1962- 
245 1 0 |a What motivates cultural progressives? :  |b understanding opposition to the political and Christian right /  |c George Yancey and David Williamson. 
264 1 |a Waco, Tex. :  |b Baylor University Press,  |c 2012. 
300 |a 1 online resource (v, 273 pages) :  |b illustrations 
336 |a text  |b txt  |2 rdacontent 
337 |a computer  |b c  |2 rdamedia 
338 |a online resource  |b cr  |2 rdacarrier 
504 |a Includes bibliographical references and index. 
505 0 |a The culture war in the United States -- Dynamics of social movements and cultural progressives -- Developing a typology of cultural progressives -- Political concerns and cultural progressives -- General opposition to religion in cultural progressives -- Cultural progressives and critics of Christianity -- The framing of cultural progressivism -- Cultural progressives and the continuing culture war. 
500 |a Electronic resource. 
650 0 |a Right and left (Political science)  |z United States. 
650 0 |a Progressivism (United States politics) 
651 0 |a United States  |x Social conditions  |y 21st century. 
651 0 |a United States  |x Politics and government  |y 2009-2017. 
655 7 |a Electronic books.  |2 local 
700 1 |a Williamson, David,  |d 1955- 
710 2 |a ebrary, Inc. 
856 4 0 |u https://ebookcentral.proquest.com/lib/tamucs/detail.action?docID=977452  |y Connect to the full text of this electronic book  |t 0 
980 |a 120821  |b 52.95  |c USD  |e 79.43  |f YBP_EBR0000040734  |g 1 
999 f f |s f3a24cb9-3d57-3b02-baf5-3693bfaa90b9  |i 8e08c408-968d-3883-bfd3-325cd3436648  |t 0 
999 |a MARS 
952 f f |a Texas A&M University  |b College Station  |c Electronic Resources  |d Available Online  |t 0  |e JK1726 .Y36 2012eb  |h Library of Congress classification 
998 f f |a JK1726 .Y36 2012eb  |t 0  |l Available Online